000 00766nam a2200241 i 4500
001 124410
003 ES-MaACL
005 20250813062609.0
007 t|
008 070326s1931 sp ||||1| spa d
080 _a939.2/.3
100 1 _aSartiaux, Félix.
_9103882
245 1 4 _aLas civilizaciones antiguas del Asia Menor /
_cFélix Sartiaux ; traducción de Antonio González.
260 _aBarcelona :
_bLabor,
_c[1931]
300 _a102 p., LX p. de lám., map. ;
_c19 cm.
490 1 _aColección Labor ;
_v25
651 4 _aAsia menor-
_xCivilización.
_9171285
651 4 _aAsia menor-
_xHistoria.
_9171284
700 1 _aGonzález, Antonio.
_958289
830 1 0 _aColección Labor
_v25
_9184254
852 _aES-MaACL
_jE-2571
999 _c124410
_d124410